Racionalidad, lenguaje y acción (Registro nro. 303396)
[ vista simple ]
| 000 -ENCABEZADO | |
|---|---|
| Número de control [NR] | 01210 a2200325 4500 |
| 005 - FECHA Y HORA DE LA ÚLTIMA TRANSACCIÓN | |
| control field | 20160517094651.0 |
| 008 - DE LONGITUD FIJA DE DATOS DE ELEMENTOS - INFORMACIÓN GENERAL | |
| Elementos de longitud fija [NR] | 160517s2016 ck ||||fr|||| 000 0 spa d |
| 020 ## - NUMERO INTERNACIONAL NORMALIZADO PARA LIBROS [R] | |
| Número Internacional Normalizado del libro [NR] | 9789587631739 |
| 040 ## - FUENTE DE CATALOGACION [NR] | |
| Agencia de catalogación original [NR] | CO-BoUCM |
| Idioma de catalogación [NR] | spa |
| Quien Cataloga | Saul Niño |
| Quien Clasifica | Saul Niño |
| 041 0# - CODIGO DE IDIOMA [R] | |
| Código de idioma para texto/pista de sonido o título separado [R] | Español |
| 245 00 - MENCION DE TITULO [NR] | |
| Título [NR] | Racionalidad, lenguaje y acción |
| Parte restante del título [NR] | aproximaciones analíticas |
| Mención de responsabilidad, etc. [NR] | José Andrés Forero Mora ...[y otros.] |
| 260 ## - PUBLICACION, DISTRIBUCION, ETC. (PIE DE IMPRENTA) [R] | |
| Nombre del editor, distribuidor, etc. [R] | Uniminuto |
| Fecha de publicación, distribución, etc. [R] | 2016 |
| Lugar de publicación, distribución, etc. [R] | Bogotá (Colombia) |
| 300 ## - DESCRIPCION FISICA [R] | |
| Extensión [R] | 195 páginas |
| 504 ## - NOTA DE BIBLIOGRAFIA, ETC. [R] | |
| Nota de bibliografía, etc. [NR] | Incluye referencias bibliográficas |
| 650 #7 - ASIENTO SECUNDARIO DE MATERIA - TERMINO TEMATICO [R] | |
| 9 (RLIN) | 75 |
| Término temático o nombre geográfico como elemento de entrada [NR] | Filosofía |
| Subdivisión general [R] | Aspectos sociales |
| 650 #7 - ASIENTO SECUNDARIO DE MATERIA - TERMINO TEMATICO [R] | |
| 9 (RLIN) | 21256 |
| Término temático o nombre geográfico como elemento de entrada [NR] | Pensamiento |
| Subdivisión general [R] | Filosofía |
| 650 #7 - ASIENTO SECUNDARIO DE MATERIA - TERMINO TEMATICO [R] | |
| 9 (RLIN) | 8940 |
| Término temático o nombre geográfico como elemento de entrada [NR] | Análisis |
| Subdivisión general [R] | Filosofía |
| 650 #7 - ASIENTO SECUNDARIO DE MATERIA - TERMINO TEMATICO [R] | |
| 9 (RLIN) | 15796 |
| Término temático o nombre geográfico como elemento de entrada [NR] | Filosofía del lenguaje |
| 650 #7 - ASIENTO SECUNDARIO DE MATERIA - TERMINO TEMATICO [R] | |
| 9 (RLIN) | 23022 |
| Término temático o nombre geográfico como elemento de entrada [NR] | Racionalismo |
| 690 #0 - ASUNTO AGREGADO LOCAL DE ENTRADA - TÉRMINO TEMÁTICO (OCLC, RLIN) | |
| Acceso temático local | Filosofía |
| 9 (RLIN) | 75 |
| 700 1# - ASIENTO SECUNDARIO - NOMBRE PERSONAL [R] | |
| Nombre personal [NR] | Andrade Uribe, Shumann Javier |
| 9 (RLIN) | 77242 |
| 700 1# - ASIENTO SECUNDARIO - NOMBRE PERSONAL [R] | |
| Nombre personal [NR] | Barrero Guzmán, Tomás Andrade |
| 9 (RLIN) | 77243 |
| 700 1# - ASIENTO SECUNDARIO - NOMBRE PERSONAL [R] | |
| Nombre personal [NR] | Forero Mora, José Andrés |
| 9 (RLIN) | 77244 |
| 700 1# - ASIENTO SECUNDARIO - NOMBRE PERSONAL [R] | |
| Nombre personal [NR] | Giraldo Ceballos, Laura Ivonne |
| 9 (RLIN) | 77245 |
| 700 1# - ASIENTO SECUNDARIO - NOMBRE PERSONAL [R] | |
| Nombre personal [NR] | Gómez Gutiérrez, Susana |
| 9 (RLIN) | 77246 |
| 700 1# - ASIENTO SECUNDARIO - NOMBRE PERSONAL [R] | |
| Nombre personal [NR] | Mina Vargas, Andersson |
| 9 (RLIN) | 77247 |
| 700 1# - ASIENTO SECUNDARIO - NOMBRE PERSONAL [R] | |
| Nombre personal [NR] | Pérez Jiménez, Miguel Ángel |
| 9 (RLIN) | 44202 |
| 942 ## - ELEMENTOS DE ENTRADA AGREGADOS (KOHA) | |
| Tipo de ítem principal el descrito en 300a | Libro |
| Sistema de clasificación | DEWEY |
| Tema principal | Filosofía |
| Edición | 1 |
| Clasificación | 149.1 |
| Parte restante de la signatura top. | R121le |
| Total préstamos | Signatura topográfica | Código de barras | Última vez visto | Ejemplar | Costo de reposición | Price effective from | Tipo de ítem | Perdido | Sistema de clasificación | Dañado | No prestable | Tipo de ítem específico | Suprimido | Ubicación habitual | Ubicación actual | Localización | Fecha de creación | Proveedor | Forma de adquisición | Costo |
|---|---|---|---|---|---|---|---|---|---|---|---|---|---|---|---|---|---|---|---|---|
| 149.1 R121le | 100149090 | 05/12/2025 | Ej.1 | 26000.00 | 06/05/2016 | Libro | DEWEY | Libro | Claustro | Claustro | 2do piso | 06/05/2016 | 12 | Donación | 0.00 |